000 00290nam a22001097a 4500
008 160507b xxu||||| |||| 00| 0 eng d
020 _a0071375503
041 _aeng
080 _a615
245 _aApplied biopharmaceutics & pharmacokinetics:
_cLeon Shargel; Susanna Wu-Pong;
942 _2udc
_cBK
999 _c1906
_d1906